|
|
|
|
| LEADER |
00925nam a2200217 a 4500 |
| 001 |
GR-MES11781 |
| 008 |
070315s gr 000 0 gre d |
| 020 |
|
|
|a 9603255858
|
| 040 |
|
|
|a GrPaTEI
|b gre
|c GR-PaULI
|
| 040 |
|
|
|a GrPaTEI
|b gre
|c GR-PaULI
|
| 082 |
|
0 |
|a Ξ
|
| 100 |
1 |
|
|a Flanagan, Richard
|
| 245 |
1 |
0 |
|a Εγχειρίδιο ιχθύων :
|b Μυθιστόρημα σε 12 ψάρια /
|c Richard Flanagan ; μετάφραση Αθηνά Δημητριάδου.
|
| 260 |
|
|
|a Αθήνα :
|b Άγρα,
|c 2006
|
| 500 |
|
|
|a Τίτλος πρωτοτύπου:Could's book of fish
|
| 650 |
|
4 |
|a Ξένη Λογοτεχνία
|
| 700 |
1 |
|
|a Δημητριάδου, Αθηνά
|
| 942 |
|
|
|2 ddc
|
| 952 |
|
|
|0 0
|1 0
|2 ddc
|4 0
|6 Ξ_FLA
|7 0
|9 270583
|a MSLG
|b MSLG
|c BSC
|d 2021-01-17
|e 24
|f 0
|g 0.00
|l 0
|o Ξ FLA
|p 2420000021460
|r 2021-01-17 00:00:00
|t 1
|w 2021-01-17
|y BK15
|x 20070315 0 1
|x GrPaTEI
|
| 971 |
|
|
|a .b25778286
|b 01-10-20
|c 13-09-16
|
| 999 |
|
|
|c 156300
|d 156300
|